000
00336nam a2200133Ia 4500
008
240624s9999 xx 000 0 und d
041
_a
eng
082
_a
657.45 KIR
100
_a
KIRKER TRACY BENSON
245
_a
WEB SITE AUDIT
260
_a
UK
_b
Cambridge Strategy Publications Ltd
300
_a
88 : p. : cm. ; 29
365
_c
RS
_b
50
999
_c
28499
_d
28499